ANBUK KUZHANTHAIKAL / (Record no. 178549)

MARC details
000 -LEADER
fixed length control field 01492nam a22003131i 4500
005 - DATE AND TIME OF LATEST TRANSACTION
control field 20200810085535.0
008 - FIXED-LENGTH DATA ELEMENTS--GENERAL INFORMATION
fixed length control field 200810s2016 ii a j 000 1 tam d
020 ## - INTERNATIONAL STANDARD BOOK NUMBER
Terms of availability RM 14.00
Qualifying information paperback
040 ## - CATALOGING SOURCE
Original cataloging agency PPAK
Language of cataloging eng
Transcribing agency PPAK
Description conventions rda
082 04 - DEWEY DECIMAL CLASSIFICATION NUMBER
Edition number 23
Classification number 894.8112
090 00 - LOCALLY ASSIGNED LC-TYPE CALL NUMBER (OCLC); LOCAL CALL NUMBER (RLIN)
Classification number (OCLC) (R) ; Classification number, CALL (RLIN) (NR) 894.8112
Feature heading MUT
Feature heading K
100 10 - MAIN ENTRY--PERSONAL NAME
Linkage 880-01
Personal name Muthu, Boodhalur
Relator term author.
245 10 - TITLE STATEMENT
Linkage 880-02
Title ANBUK KUZHANTHAIKAL /
Statement of responsibility, etc. Boodhalur Muthu
246 3# - VARYING FORM OF TITLE
Linkage 880-3
Title proper/short title AN̲PUK KUL̲ANTAIKAḶ :
Remainder of title cir̲uvar nāṭakaṅkaḷ : ( va. cupa. māṇikkam nin̲aivu tamil̲aṇṇal ar̲akkaṭṭaḷai - mutar̲ paricu per̲r̲a nāṭakam)
250 ## - EDITION STATEMENT
Edition statement First Edition.
264 #1 - PRODUCTION, PUBLICATION, DISTRIBUTION, MANUFACTURE, AND COPYRIGHT NOTICE
Place of production, publication, distribution, manufacture Chennai, India :
Name of producer, publisher, distributor, manufacturer Thiruvarasu Puthaka Nilayam ,
Date of production, publication, distribution, manufacture, or copyright notice 2016.3
300 ## - PHYSICAL DESCRIPTION
Extent 96 pages :
Other physical details illustration (black and white) ;
Dimensions 18 cm.
336 ## - CONTENT TYPE
Source rdacontent
Content type term text
337 ## - MEDIA TYPE
Source rdamedia
Media type term unmediated
338 ## - CARRIER TYPE
Source rdacarrier
Carrier type term volume
500 ## - GENERAL NOTE
General note Plays for children.
546 ## - LANGUAGE NOTE
Language note In Tamil.
650 10 - SUBJECT ADDED ENTRY--TOPICAL TERM
Topical term or geographic name entry element Tamil drama.
655 #0 - INDEX TERM--GENRE/FORM
Genre/form data or focus term Children's plays, Tamil.
880 10 - ALTERNATE GRAPHIC REPRESENTATION
Linkage 100-01
a முத்து, பூதலூர்,
e author.
Linkage 245-02
a அன்புக் குழந்தைகள்
Linkage 246-03
a அன்புக் குழந்தைகள் :
b சிறுவர் நாடகங்கள் : (வ. சுப. மாணிக்கம் நினைவு தமிழண்ணல் அறக்கட்டளை - முதற் பரிசு பெற்ற நாடகம்)
942 ## - ADDED ENTRY ELEMENTS (KOHA)
Source of classification or shelving scheme Dewey Decimal Classification
Koha item type Book
Holdings
Withdrawn Not for loan Current library Shelving location Date acquired Full call number Barcode Date last seen Koha item type
    Perpustakaan Alor Setar Pinjaman Kanak-kanak 03/09/2020 K 894.8112 MUT A01645833 03/09/2020 Book
    Perpustakaan Kulim Pinjaman Kanak-kanak 03/09/2020 K 894.8112 MUT A01645834 03/09/2020 Book